| 000 | 00994nas a2200313 4500 | ||
|---|---|---|---|
| 001 | BR2011004049 | ||
| 003 | BR-BrBNA | ||
| 005 | 20231205115502.0 | ||
| 007 | ta | ||
| 008 | 230509b bl.|||p| |||| 00| 00por d | ||
| 040 |
_aBR-BrBNA _bpor _cBiblioteca Nacional de Agricultura |
||
| 041 | _a(Pt) | ||
| 072 | _aH10 | ||
| 100 | 1 | _aMartins, G.M. | |
| 100 | 1 | _aToscano, L.C. | |
| 100 | 1 | _aTomquelski, G.V. | |
| 100 | 1 | _aMaruyama, W.I. | |
| 245 | 1 | _aInseticidas químicos e microbianos no controle da lagarta-do-cartucho na fase inicial da cultura do milho | |
| 246 | 1 | _aMicrobial insecticides and chemical in the control of fall armyworm on crop corn | |
| 650 | _aMILHO | ||
| 650 | _aZEA MAYS | ||
| 650 | _aLAGARTA | ||
| 650 | _aLEPIDOPTERO | ||
| 650 | _aINSETICIDA | ||
| 650 | _aCONTROLE INTEGRADO | ||
| 773 | 0 |
_tRevista Caatinga (Brazil) _xISSN 0100-316X _g(Apr-Jun 2009), v. 22(2) p. 168-172 _wBR2011004049 |
|
| 909 |
_a202311 _bLúcia _c55 _dLúcia Elande |
||
| 942 |
_2AGRIS _n0 _cANA |
||
| 999 |
_c214057 _d214057 |
||